000 004470000a22001810004500
003 MACL
005 20150708152800.0
008 150708b xxu||||| |||| 00| 0 eng d
040 _aMACL
_cMACL
041 _aEnglish
082 _a320
100 _aSingh, Y.P.
_91470
245 _aIndian Village:2020
_bVol 2
260 _bConcept Publishing Company
_c2006
_aNew Delhi
350 _a750
650 _aPolitical Science
_988
942 _cBK
_k320
_2ddc
999 _c8436
_d8436